Skupinové rozhodovanie: metódy podľa renomovaných zahraničných autorov

Postavenie skupinového rozhodovania v klasifikácii rozhodovacích procesov. Výhody a nevýhody skupinového rozhodovania. Techniky a metódy skupinového rozhodovania.

Na minha lista:
Detalhes bibliográficos
Autor principal: Mišún, Juraj, 1978-
Formato: Capítulo de Livro
Idioma:eslovaco
Assuntos:
Tags: Adicionar Tag
Sem tags, seja o primeiro a adicionar uma tag!

MARC

LEADER 00000nla$a2200000$$$4500
001 0104071
005 20240502072133.9
041 0 |a slo 
044 |a SK 
245 1 0 |a Skupinové rozhodovanie: metódy podľa renomovaných zahraničných autorov  |c Juraj Mišún 
520 |a Postavenie skupinového rozhodovania v klasifikácii rozhodovacích procesov. Výhody a nevýhody skupinového rozhodovania. Techniky a metódy skupinového rozhodovania. 
610 2 0 |a rozhodovanie skupinové 
610 2 0 |a procesy rozhodovacie 
610 2 0 |a rozhodovanie strategické 
610 2 0 |a manažéri 
610 2 0 |a metódy rozhodovania 
100 1 |a Mišún, Juraj, 1978-